| Tag |
First Indicator |
Second Indicator |
Subfields |
| LEADER |
00000cam a2200000 4500 |
| 001 |
in00000021835 |
| 005 |
20151007063744.0 |
| 008 |
790706s1897 enk 00000 eng |
| 010 |
|
|
|a 11014402
|
| 035 |
|
|
|a (OCoLC)05142699
|
| 035 |
|
|
|9 AAD8174AM
|
| 040 |
|
|
|a DLC
|c CLE
|d TXA
|d UtOrBLW
|
| 049 |
|
|
|a TXAM
|c [475717]
|
| 050 |
|
0 |
|a PR5341
|b .J3
|
| 092 |
|
|
|a 823.09
|b J12e
|
| 100 |
1 |
|
|a Jack, Adolphus Alfred,
|d 1868-1945.
|
| 245 |
1 |
0 |
|a Essays on the novel as illustrated by Scott and Miss Austen /
|c by Adolphus Alfred Jack.
|
| 264 |
|
1 |
|a London,
|a New York :
|b The Macmillan company,
|c 1897.
|
| 300 |
|
|
|a xiii, pages, 1 ., 297 pages, 1 unnumbered page ;
|c 20 cm.
|
| 336 |
|
|
|a text
|b txt
|2 rdacontent
|
| 337 |
|
|
|a unmediated
|b n
|2 rdamedia
|
| 338 |
|
|
|a volume
|b nc
|2 rdacarrier
|
| 500 |
|
|
|a L.C. copy replaced by microfilm. Microfilm 9292 PR
|
| 505 |
0 |
|
|a Preface.--Introductory. The novel.--Scott.--Scott considered as a delineator of character.--Scott considered as a delineator of action.--Miss Austen. The domestic novel and its possibilities.
|
| 600 |
1 |
0 |
|a Scott, Walter,
|d 1771-1832.
|
| 600 |
1 |
0 |
|a Austen, Jane,
|d 1775-1817.
|
| 650 |
|
0 |
|a English fiction
|y 19th century
|x History and criticism.
|
| 999 |
|
|
|a MARS
|
| 999 |
f |
f |
|s 4d7becd9-c587-3dca-9d15-5e1fd0a7ce69
|i f54532bd-e066-30e5-b3b2-4a8622943456
|t 0
|
| 952 |
f |
f |
|p ric
|a Texas A&M University
|b Rellis Campus
|c Joint Library Facility
|d Remote Storage
|t 0
|e PR5341 .J3
|h Library of Congress classification
|i unmediated -- volume
|m A14801335374
|
| 998 |
f |
f |
|a PR5341 .J3
|t 0
|l Remote Storage
|